000 00394nam a2200169Ia 4500
008 210210b1966 xxu||||| |||| 00| 0 eng d
041 _aeng
082 _a534/118
100 _aWALDRON (R A)
245 _aWaves and oscillations
260 _aToronto
_bD Van Nostrand Co
_c1966
300 _aviii,135
650 _aWaves
650 _aoscillations
690 _aPhysics
906 _a008606
999 _c126568
_d126568